000 02205nab a2200265 a 4500
005 20250305120829.0
008 991125c20 sp fr p o 000 0 spa d
035 _aUPN01000212573
040 _aUPN
_bspa
_cUPN
_eaacr2
049 _aART-E
100 1 _aMuñoz Ramírez, Alicia
_6- almura@usal.es
245 1 0 _a¿Qué ha sido de educación para la ciudadanía con el Partido Popular?
506 0 _aAcceso abierto
520 3 _aEducación para la Ciudadanía fue una área educativa que se implantó en el sistema educativo español por medio de la Ley Orgánica de Educación (LOE) de 2006, bajo el Gobierno Socialista de José Luis Rodríguez Zapatero. Desde el momento en que el Gobierno expresó su intención de desarrollar este tipo de educación cívico-democrática, respondiendo a diversas responsabilidades y compromisos contraídos con Naciones Unidas y el Consejo de Europa, los sectores teoconservadores de la sociedad española se movilizaron para deslegitimar, obstaculizar y eliminar la implementación de esta educación. El Partido Popular jugó un papel muy activo en este proceso movilizador contra Educación para la Ciudadanía. La pretensión de este artículo es examinar, precisamente, la línea discursiva y de actuación seguida por el Partido Popular en relación a esta educación. El análisis permitirá comprobar cómo la acción del Partido Popular de eliminar esta área educativa, materializada con la implantación paulatina de la nueva Ley Orgánica de Mejora de la Calidad Educativa (LOMCE), de 2013, ha respaldado el discurso del neotradicionalismo católico y ha situado a España a la cola del resto de países europeos en educación cívico-democrática, levantando las críticas de la comunidad internacional al respecto.
653 0 _aEducación para la ciudadanía
653 0 _aNeotradicionalismo católico
653 0 _aTeoconservadores
653 0 _aPartido popular
653 0 _aPolítica educativa
773 _gVol. 14, no. 20 (2016), p. 105-128
_tForo de educación
_x1698-7802
856 4 _uhttps://forodeeducacion.com/ojs/index.php/fde/article/view/196/184
902 _aGloria Jiménez/050325
905 _aArticulo
942 _cART-E
999 _c184673
_d184673